Can You Name All The Tanks Brawlers in Brawl Stars? - Statistics

General Stats
  • This quiz has been taken 10 times
    9 since last reset
  • The average score is 10 of 16
Answer Stats
Hint Answer % Correct
Rare Bull
100%
Super Rare Darryl
100%
Rare El Primo
100%
Epic Frank
100%
Rare Rosa
100%
Epic Ash
67%
Epic Bibi
67%
Legendary Draco
67%
Epic Hank
67%
Super Rare Jacky
67%
Legendary Meg
67%
Epic Trunk
67%
Mythic Buster
33%
Mythic Damian
33%
Epic Bolt
0%
Mythic Ollie
0%
No matching quizzes found
Score Distribution
Percent of People with Each Score
Percentile by Number Answered
Your Score History
You have not taken this quiz since the last reset